Préfectures de France : Toulouse - Statistiques

Statistiques générales
  • Ce quiz a été pris 71 fois
  • Le résultat moyen est 12 sur 25
Statistiques - réponses
Question Réponse % Correct
Quel numéro porte celui-ci ? 31
100%
Comment se nomment ses habitants ? Toulousains
98%
De quel département est-ce la préfecture ? Haute-Garonne
97%
A quelle région administrative appartient la ville depuis 2015 ? Occitanie
95%
La ville appartient à l'académie de/d' Toulouse
83%
La ville appartient au diocèse de/d' Toulouse
83%
La gare de Toulouse se nomme Matabiau
80%
Les communes limitrophes dont le nom commence par B sont Blagnac
77%
Les Romains appellent la ville Tolosa
77%
La couleur principale de fond de son blason est le/l' Rouge
67%
Quelles sont les sous-préfectures qui en dépendent ? Muret
57%
Les communes limitrophes dont le nom commence par B sont Balma
55%
Ville ukrainienne jumelée avec la ville Kiev
50%
Quelles sont les sous-préfectures qui en dépendent ? Saint-Gaudens
43%
Au Ve siècle elle est la capitale du royaume Wisigoth
35%
Toulouse utilise un métro de type VAL
20%
Les élus municipaux de la ville étaient appelés les Capitouls
18%
Le blason est orné de deux constructions, citez-en une Château | Basilique | Eglise
15%
Les communes limitrophes dont le nom commence par B sont Beauzelle
13%
Le blason est orné d'un animal, lequel ? Agneau
12%
L'évangélisateur de la région est (prénom) Saturnin | Sernin
12%
Ville des Etats-Unis jumelée avec la ville Atlanta
10%
En 1927, y est créée cette compagnie aérienne Aéropostale
8%
Ancien temple romain toujours visible en parfait état Maison carré
0%
Le peuple gaulois qui l'occupe est celui des Volques Tectosages
0%
Aucun quiz correspondant
Distribution des résultats
% des personnes avec chaque résultat
Percentile par nombre de réponses
Votre historique - résultats
Vous n’avez pas pris ce quiz